Colombian players in Premier League (2000-) - Statistics

General Stats
  • This quiz has been taken 73 times
  • The average score is 13 of 24
Answer Stats
Ranking Player Positions Nationality Matches Goals (assists) Periods Clubs % Correct
5 Luis Díaz MF, FW 103 29 (15) 2021-2025
97%
4 Davinson Sánchez DF 143 3 (1) 2017-2024
95%
13 Radamel Falcao FW 36 5 (4) 2014-2016
95%
7 Carlos Sánchez DF, MF 61 1 (0) 2014-2015, 2018-2020
90%
6 Yerry Mina DF 86 7 (1) 2018-2023
87%
17 James Rodríguez MF, FW 23 6 (4) 2020-2021
84%
15 David Ospina GK 29 0 (0) 2014-2018
82%
9 Daniel Muñoz DF, MF 53 4 (9) 2023-2025
77%
8 Jáder Durán MF, FW 55 12 (0) 2022-2025
74%
20 Juan Cuadrado DF, MF, FW 13 0 (0) 2014-2016
74%
2 Jefferson Lerma DF, MF 161 9 (4) 2018-2019, 2022-2025
73%
10 Luis Sinisterra MF, FW 51 8 (3) 2022-2025
66%
3 Hugo Rodallega FW 154 29 (12) 2008-2014
45%
1 Juan Pablo Ángel FW 175 44 (14) 2000-2007
42%
23 Yerson Mosquera DF 5 0 (0) 2024-2025
40%
12 Steven Alzate DF, MF 43 1 (0) 2019-2022
31%
11 José Izquierdo MF, FW 48 5 (4) 2017-2018, 2020-2021
27%
18 Juan Zúñiga DF, MF 21 1 (0) 2016-2017
23%
16 Cucho MF, FW 25 5 (2) 2021-2022
19%
24 Víctor Ibarbo MF, FW 4 0 (0) 2015-2016
18%
22 Pablo Armero DF, MF 5 0 (0) 2013-2014
16%
14 Hámilton Ricard FW 36 4 (3) 2000-2002
11%
21 Bernardo Espinosa DF 11 0 (0) 2016-2017
10%
19 Jhon Viáfara MF 14 1 (0) 2005-2006
3%
No matching quizzes found
Score Distribution
Percent of People with Each Score
Percentile by Number Answered
Your Score History
You have not taken this quiz